000 00537nam a2200145 a 4500
008 130927s1971 ||||||||||||||||| || u
020 _a0571092217
050 _aRC 392 SAC
100 _aSacks, Oliver W
245 1 0 _aMigraine: the evolution of a common disorder
_cby Oliver W. Sacks
260 _aLondon:
_c1971
300 _a298p.: ill.
650 _aMIGRAINE
995 _aMEDICAL LIBRARY OPEN ACCESS
_e902342
_FCBU-SCHOOL OF MEDICINE LIBRARY (Ndola)
_jRC 392 SAC
_M1
_UAVAILABLE
_WNov 6, 2013
_y902342
_ZMedical Library Open Access Collection
999 _c32073
_d32073